[Event "MSR_ch20"]
[Site "?"]
[Date "2024.04.07"]
[Round "3.12"]
[White "Bidulsky, Matej"]
[Black "Oslej, Marek"]
[Result "1-0"]
[BlackElo "1806"]
[WhiteElo "2041"]
[LiveChessVersion "1.4.8"]

1. e4 {[%clk 1:30:58]} c5 {[%clk 1:30:59]} 2. Nf3 {[%clk 1:31:20]} Nc6
{[%clk 1:31:24]} 3. Bb5 {[%clk 1:31:45]} e6 {[%clk 1:31:20]} 4. O-O
{[%clk 1:32:00]} d6 {[%clk 1:26:52]} 5. d4 {[%clk 1:32:06]} cxd4 {[%clk 1:27:15]}
6. Nxd4 {[%clk 1:32:16]} Bd7 {[%clk 1:27:02]} 7. c3 {[%clk 1:31:38]} Be7
{[%clk 1:25:22]} 8. Ba4 {[%clk 1:23:15]} a6 {[%clk 1:21:23]} 9. f4
{[%clk 1:18:03]} b5 {[%clk 1:13:14]} 10. Bc2 {[%clk 1:16:51]} Nf6
{[%clk 1:12:10]} 11. Nxc6 {[%clk 1:16:54]} Bxc6 {[%clk 1:12:39]} 12. Nd2
{[%clk 1:15:33]} Qb6+ {[%clk 1:10:10]} 13. Kh1 {[%clk 1:15:44]} Qb7
{[%clk 1:10:08]} 14. Qe2 {[%clk 1:15:21]} Bd8 {[%clk 0:59:43]} 15. e5
{[%clk 1:14:04]} dxe5 {[%clk 0:59:10]} 16. fxe5 {[%clk 1:13:42]} Nd7
{[%clk 0:58:14]} 17. Ne4 {[%clk 1:14:02]} Bc7 {[%clk 0:58:28]} 18. Nd6+
{[%clk 1:14:09]} Bxd6 {[%clk 0:58:53]} 19. exd6 {[%clk 1:14:36]} h6
{[%clk 0:50:14]} 20. Qg4 {[%clk 1:12:47]} Nf6 {[%clk 0:49:25]} 21. Qg3
{[%clk 1:09:55]} O-O-O {[%clk 0:44:32]} 22. Be3 {[%clk 1:07:09]} Ne4
{[%clk 0:38:02]} 23. Bxe4 {[%clk 1:07:32]} Bxe4 24. a4 {[%clk 1:07:50]} Bc6
{[%clk 0:26:58]} 25. axb5 {[%clk 1:07:44]} Bxb5 {[%clk 0:27:27]} 26. c4
{[%clk 1:08:08]} Bc6 {[%clk 0:27:50]} 27. b4 {[%clk 1:08:23]} Rd7
{[%clk 0:21:01]} 28. b5 {[%clk 1:03:35]} axb5 {[%clk 0:20:43]} 29. cxb5
{[%clk 1:03:41]} Qxb5 {[%clk 0:18:02]} 30. Rfc1 {[%clk 1:03:59]} Rhd8
{[%clk 0:14:42]} 31. Rab1 {[%clk 1:01:04]} Qa4 {[%clk 0:11:18]} 32. Bb6
{[%clk 1:00:32]} Rb7 {[%clk 0:06:46]} 33. Bxd8 {[%clk 0:56:48]} Rxb1
{[%clk 0:06:43]} 34. Rxb1 {[%clk 0:57:09]} Kxd8 {[%clk 0:07:11]} 35. Qxg7
{[%clk 0:57:31]} Bxg2+ {[%clk 0:05:12]} 36. Qxg2 {[%clk 0:57:50]} 1-0

[Event "MSR_ch20"]
[Site "?"]
[Date "2024.04.07"]
[Round "3.13"]
[White "Volanek, Maros"]
[Black "Straka, Simon"]
[Result "0-1"]
[BlackElo "2025"]
[WhiteElo "1822"]
[LiveChessVersion "1.4.8"]

1. d4 {[%clk 1:30:55]} Nf6 {[%clk 1:30:21]} 2. c4 {[%clk 1:30:25]} e6
{[%clk 1:30:44]} 3. Nc3 {[%clk 1:30:39]} Bb4 {[%clk 1:31:05]} 4. Qc2
{[%clk 1:30:18]} c5 {[%clk 1:31:22]} 5. a3 {[%clk 1:29:12]} Qa5 {[%clk 1:30:46]}
6. e3 {[%clk 1:26:40]} Nc6 {[%clk 1:21:16]} 7. Nf3 {[%clk 1:24:04]} Bxc3+
{[%clk 1:15:13]} 8. bxc3 {[%clk 1:24:10]} cxd4 {[%clk 1:08:34]} 9. exd4
{[%clk 1:23:48]} Ne4 {[%clk 1:03:10]} 10. Bd2 {[%clk 1:14:03]} Nxd2
{[%clk 0:56:50]} 11. Qxd2 {[%clk 1:14:05]} Qc7 {[%clk 0:55:22]} 12. Bd3
{[%clk 1:09:50]} b6 {[%clk 0:53:23]} 13. O-O {[%clk 1:07:41]} Na5
{[%clk 0:39:24]} 14. Qg5 {[%clk 0:59:32]} Kf8 {[%clk 0:34:19]} 15. Nd2
{[%clk 0:54:35]} Ba6 {[%clk 0:33:15]} 16. f4 {[%clk 0:48:16]} Nxc4
{[%clk 0:19:53]} 17. Ne4 {[%clk 0:44:36]} f5 {[%clk 0:16:43]} 18. Rf3
{[%clk 0:37:16]} fxe4 {[%clk 0:14:35]} 19. Bxe4 {[%clk 0:37:27]} d5
{[%clk 0:14:03]} 20. Bc2 {[%clk 0:32:35]} Qe7 {[%clk 0:09:11]} 21. Qh5
{[%clk 0:29:29]} Nd2 {[%clk 0:05:05]} 22. Rf2 {[%clk 0:28:14]} Ne4
{[%clk 0:05:17]} 23. Bxe4 {[%clk 0:26:56]} dxe4 {[%clk 0:05:32]} 24. Re1
{[%clk 0:27:00]} Bd3 {[%clk 0:03:56]} 25. f5 {[%clk 0:25:56]} e5 {[%clk 0:03:12]}
26. f6 {[%clk 0:25:15]} gxf6 {[%clk 0:01:58]} 27. dxe5 {[%clk 0:25:27]} Qc5
{[%clk 0:00:54]} 28. Qh6+ {[%clk 0:24:59]} Ke8 {[%clk 0:00:39]} 29. exf6
{[%clk 0:23:16]} Kd7 {[%clk 0:00:50]} 30. Qh3+ {[%clk 0:17:46]} Kc7
{[%clk 0:00:46]} 31. Qg3+ {[%clk 0:17:11]} Kb7 {[%clk 0:01:01]} 32. Kh1
{[%clk 0:17:23]} Ka6 {[%clk 0:00:40]} 33. h3 {[%clk 0:13:09]} Rhg8
{[%clk 0:00:38]} 34. Qh4 {[%clk 0:12:56]} Qxc3 {[%clk 0:00:32]} 35. Rf4
{[%clk 0:12:34]} Qd2 {[%clk 0:00:33]} 36. Rg1 {[%clk 0:11:50]} Rac8
{[%clk 0:00:37]} 37. f7 {[%clk 0:11:06]} Rgf8 {[%clk 0:00:54]} 38. Rf6
{[%clk 0:09:47]} Rc7 {[%clk 0:00:36]} 39. Qxh7 {[%clk 0:09:10]} Qa2
{[%clk 0:00:35]} 0-1

[Event "MSR_ch20"]
[Site "?"]
[Date "2024.04.07"]
[Round "3.14"]
[White "Koska, Jiri"]
[Black "Svorad, Tomas"]
[Result "1-0"]
[BlackElo "1746"]
[WhiteElo "2024"]
[LiveChessVersion "1.4.8"]

1. Nf3 {[%clk 1:30:58]} d5 {[%clk 1:30:25]} 2. b3 {[%clk 1:31:03]} Bf5
{[%clk 1:21:38]} 3. Bb2 {[%clk 1:29:53]} e6 {[%clk 1:20:57]} 4. g3
{[%clk 1:29:19]} Nf6 {[%clk 1:21:10]} 5. Bg2 {[%clk 1:29:43]} Be7
{[%clk 1:21:26]} 6. d3 {[%clk 1:29:49]} O-O {[%clk 1:21:18]} 7. O-O
{[%clk 1:29:53]} b5 {[%clk 1:11:36]} 8. Nbd2 {[%clk 1:27:46]} h6 {[%clk 1:09:31]}
9. Ne5 {[%clk 1:25:42]} Nbd7 {[%clk 1:06:24]} 10. Nc6 {[%clk 1:21:29]} Qe8
{[%clk 1:06:45]} 11. Nxe7+ {[%clk 1:21:43]} Qxe7 {[%clk 1:07:07]} 12. e4
{[%clk 1:22:01]} Bh7 {[%clk 1:06:50]} 13. Qe2 {[%clk 1:18:09]} Nb6
{[%clk 1:00:43]} 14. Rfe1 {[%clk 1:09:21]} c5 {[%clk 0:58:02]} 15. a3
{[%clk 0:55:50]} a5 {[%clk 0:55:00]} 16. exd5 {[%clk 0:51:00]} Nbxd5
{[%clk 0:45:39]} 17. c4 {[%clk 0:50:27]} bxc4 {[%clk 0:45:19]} 18. dxc4
{[%clk 0:50:42]} Nb6 {[%clk 0:44:08]} 19. Bxa8 {[%clk 0:48:41]} Rxa8
{[%clk 0:44:36]} 20. Bc3 {[%clk 0:48:38]} Qd8 {[%clk 0:40:01]} 21. Qe3
{[%clk 0:45:02]} Nbd7 {[%clk 0:37:01]} 22. b4 {[%clk 0:38:32]} Ng4
{[%clk 0:35:39]} 23. Qf4 {[%clk 0:36:20]} axb4 {[%clk 0:35:01]} 24. axb4
{[%clk 0:36:25]} Rxa1 {[%clk 0:32:39]} 25. Rxa1 {[%clk 0:36:22]} cxb4
{[%clk 0:30:51]} 26. Bxb4 {[%clk 0:36:31]} Nde5 {[%clk 0:29:28]} 27. Bc3
{[%clk 0:23:17]} g5 {[%clk 0:18:20]} 28. Qd4 {[%clk 0:23:26]} Qxd4
{[%clk 0:18:17]} 29. Bxd4 {[%clk 0:23:54]} f5 {[%clk 0:17:15]} 30. Ra8+
{[%clk 0:21:48]} Kf7 {[%clk 0:16:40]} 31. Ra7+ {[%clk 0:22:12]} Kg8
{[%clk 0:16:14]} 32. f3 {[%clk 0:20:49]} Nc6 {[%clk 0:15:30]} 33. Rg7+
{[%clk 0:21:12]} Kh8 {[%clk 0:15:40]} 34. Bc3 {[%clk 0:21:31]} e5
{[%clk 0:14:40]} 35. Rc7 {[%clk 0:21:47]} Nd4 {[%clk 0:15:03]} 36. Bxd4
{[%clk 0:21:52]} exd4 {[%clk 0:15:23]} 37. fxg4 {[%clk 0:22:16]} 1-0

[Event "MSR_ch20"]
[Site "?"]
[Date "2024.04.07"]
[Round "3.15"]
[White "Lichvar, Simon"]
[Black "Paluska, Karol"]
[Result "0-1"]
[BlackElo "2015"]
[WhiteElo "1302"]
[LiveChessVersion "1.4.8"]

1. d4 {[%clk 1:30:58]} Nf6 {[%clk 1:30:37]} 2. c4 {[%clk 1:31:05]} e6
{[%clk 1:31:02]} 3. Nc3 {[%clk 1:31:15]} Bb4 {[%clk 1:30:41]} 4. Qc2
{[%clk 1:30:51]} d5 {[%clk 1:26:26]} 5. e3 {[%clk 1:30:40]} O-O {[%clk 1:26:51]}
6. Nf3 {[%clk 1:30:23]} a6 {[%clk 1:20:31]} 7. Bd3 {[%clk 1:26:12]} dxc4
{[%clk 1:20:55]} 8. Bxc4 {[%clk 1:26:32]} b5 {[%clk 1:21:20]} 9. Bd3
{[%clk 1:25:19]} c5 {[%clk 1:18:01]} 10. dxc5 {[%clk 1:17:11]} Bxc5
{[%clk 1:16:39]} 11. O-O {[%clk 1:08:45]} Nbd7 {[%clk 1:16:06]} 12. Re1
{[%clk 1:03:42]} Bb7 {[%clk 1:16:26]} 13. e4 {[%clk 1:02:47]} e5 {[%clk 1:15:40]}
14. Bg5 {[%clk 1:01:52]} Rc8 {[%clk 1:16:00]} 15. a3 {[%clk 1:00:39]} h6
{[%clk 1:16:05]} 16. Bh4 {[%clk 0:56:13]} Qb6 {[%clk 1:12:33]} 17. Rad1
{[%clk 0:50:52]} Bd4 {[%clk 0:58:11]} 18. Qd2 {[%clk 0:44:41]} Bxc3
{[%clk 0:54:34]} 19. bxc3 {[%clk 0:44:54]} Qc5 {[%clk 0:55:01]} 20. Rc1
{[%clk 0:41:36]} Qxa3 {[%clk 0:46:02]} 21. Bxf6 {[%clk 0:34:09]} Nxf6
{[%clk 0:46:28]} 22. Nxe5 {[%clk 0:26:56]} Rfd8 {[%clk 0:46:22]} 23. Qc2
{[%clk 0:25:43]} Qd6 {[%clk 0:45:44]} 24. f4 {[%clk 0:24:59]} Nd7
{[%clk 0:45:27]} 25. Rcd1 {[%clk 0:21:20]} Nxe5 {[%clk 0:45:23]} 26. Bxb5
{[%clk 0:19:58]} Qc5+ {[%clk 0:45:34]} 0-1

[Event "MSR_ch20"]
[Site "?"]
[Date "2024.04.07"]
[Round "3.16"]
[White "Kulich, Daniel"]
[Black "Sulik, Adrian"]
[Result "1-0"]
[BlackElo "1000"]
[WhiteElo "1941"]
[LiveChessVersion "1.4.8"]

1. e4 {[%clk 1:30:24]} c6 {[%clk 1:30:45]} 2. Nc3 {[%clk 1:30:46]} d5
{[%clk 1:30:58]} 3. Nf3 {[%clk 1:31:14]} dxe4 {[%clk 1:31:06]} 4. Nxe4
{[%clk 1:31:38]} Bf5 {[%clk 1:31:21]} 5. Ng3 {[%clk 1:31:58]} Bg6
{[%clk 1:31:24]} 6. h4 {[%clk 1:31:57]} h6 {[%clk 1:31:26]} 7. Ne5
{[%clk 1:32:17]} Bh7 {[%clk 1:30:45]} 8. Qh5 {[%clk 1:32:22]} g6 {[%clk 1:27:18]}
9. Bc4 {[%clk 1:32:42]} e6 {[%clk 1:25:37]} 10. Qe2 {[%clk 1:32:50]} Bd6
{[%clk 1:23:17]} 11. Nxf7 {[%clk 1:32:43]} Qe7 {[%clk 1:16:17]} 12. Nxh8
{[%clk 1:32:50]} e5 {[%clk 1:15:58]} 13. Nf7 {[%clk 1:32:53]} Nd7
{[%clk 1:15:19]} 14. Nxd6+ {[%clk 1:33:14]} Qxd6 {[%clk 1:15:35]} 15. d3
{[%clk 1:33:07]} h5 {[%clk 1:15:11]} 16. Bg5 {[%clk 1:33:23]} Ngf6
{[%clk 1:15:18]} 17. O-O-O {[%clk 1:33:32]} O-O-O {[%clk 1:15:23]} 18. Ne4
{[%clk 1:30:10]} Qe7 {[%clk 1:13:25]} 19. Rde1 {[%clk 1:28:59]} Rf8
{[%clk 1:11:02]} 20. f3 {[%clk 1:28:57]} Bg8 {[%clk 1:10:10]} 21. Bxg8
{[%clk 1:27:50]} Rxg8 {[%clk 1:08:10]} 22. Nxf6 {[%clk 1:28:09]} Nxf6
{[%clk 1:08:22]} 23. Qxe5 {[%clk 1:28:31]} Qxe5 {[%clk 1:08:24]} 24. Rxe5
{[%clk 1:28:50]} Nd5 {[%clk 1:08:45]} 25. Rhe1 {[%clk 1:29:08]} Nc7
{[%clk 1:08:32]} 26. Re7 {[%clk 1:29:09]} Nd5 {[%clk 1:06:46]} 27. Re8+
{[%clk 1:29:29]} Rxe8 {[%clk 1:07:14]} 28. Rxe8+ {[%clk 1:29:45]} Kd7
{[%clk 1:07:41]} 29. Re4 {[%clk 1:29:58]} Kd6 {[%clk 1:06:30]} 30. Rd4
{[%clk 1:30:15]} Ke6 {[%clk 1:05:50]} 31. Rxd5 {[%clk 1:30:36]} Kxd5
{[%clk 1:05:36]} 32. Kd2 {[%clk 1:30:59]} Ke5 {[%clk 1:05:32]} 33. Ke3
{[%clk 1:31:23]} a6 {[%clk 1:05:48]} 34. c4 {[%clk 1:31:47]} b5 {[%clk 1:05:46]}
35. d4+ {[%clk 1:32:12]} Kd6 {[%clk 1:06:11]} 36. b3 {[%clk 1:32:35]} Ke6
{[%clk 1:06:02]} 37. Ke4 {[%clk 1:32:58]} bxc4 {[%clk 1:05:53]} 38. bxc4
{[%clk 1:33:19]} Kd6 {[%clk 1:06:12]} 39. d5 {[%clk 1:33:45]} c5 {[%clk 1:06:08]}
40. Bf4+ {[%clk 1:34:08]} Kd7 {[%clk 1:05:42]} 41. Ke5 {[%clk 1:34:24]} a5
{[%clk 1:06:02]} 42. d6 {[%clk 1:34:49]} a4 {[%clk 1:06:23]} 43. Kd5
{[%clk 1:35:15]} Kd8 {[%clk 1:06:30]} 44. Kc6 {[%clk 1:35:38]} 1-0

[Event "MSR_ch20"]
[Site "?"]
[Date "2024.04.07"]
[Round "3.17"]
[White "Jurky, Marian"]
[Black "Vojtas, Marek"]
[Result "1-0"]
[BlackElo "1676"]
[WhiteElo "1874"]
[LiveChessVersion "1.4.8"]

1. d4 {[%clk 1:30:56]} f5 {[%clk 1:30:55]} 2. c4 {[%clk 1:30:53]} Nf6
{[%clk 1:31:19]} 3. Nc3 {[%clk 1:31:20]} e6 {[%clk 1:31:45]} 4. Nf3
{[%clk 1:30:57]} c6 {[%clk 1:32:09]} 5. Bf4 {[%clk 1:30:15]} d5 {[%clk 1:32:25]}
6. cxd5 {[%clk 1:25:30]} exd5 {[%clk 1:32:45]} 7. e3 {[%clk 1:24:18]} Be7
{[%clk 1:33:09]} 8. Bd3 {[%clk 1:24:33]} Ne4 {[%clk 1:33:21]} 9. Ne5
{[%clk 1:24:21]} O-O {[%clk 1:33:01]} 10. Bg3 {[%clk 1:10:31]} Bg5
{[%clk 1:28:20]} 11. f4 {[%clk 1:02:37]} Bh6 {[%clk 1:23:45]} 12. Qh5
{[%clk 0:53:02]} Nd7 {[%clk 1:20:59]} 13. Bh4 {[%clk 0:43:22]} Qb6
{[%clk 1:18:04]} 14. Qe2 {[%clk 0:31:50]} Ndf6 {[%clk 1:13:56]} 15. Bxe4
{[%clk 0:25:09]} fxe4 {[%clk 1:11:51]} 16. O-O {[%clk 0:23:57]} g6
{[%clk 1:07:55]} 17. h3 {[%clk 0:17:43]} Ne8 {[%clk 0:58:04]} 18. Be7
{[%clk 0:17:16]} Rf7 {[%clk 0:57:16]} 19. Nxf7 {[%clk 0:17:37]} Kxf7
{[%clk 0:57:39]} 20. Bg5 {[%clk 0:17:44]} Bg7 {[%clk 0:55:10]} 21. Rf2
{[%clk 0:12:45]} Nd6 {[%clk 0:55:05]} 22. g4 {[%clk 0:11:46]} Nc4
{[%clk 0:55:18]} 23. f5 {[%clk 0:11:16]} gxf5 {[%clk 0:51:07]} 24. gxf5
{[%clk 0:11:29]} Bd7 {[%clk 0:50:45]} 25. Qh5+ {[%clk 0:10:43]} Kg8
{[%clk 0:48:41]} 26. f6 {[%clk 0:10:37]} Qc7 {[%clk 0:48:44]} 27. Kg2
{[%clk 0:08:21]} Be8 {[%clk 0:46:52]} 28. Qg4 {[%clk 0:06:57]} Bd7
{[%clk 0:47:13]} 29. Qh4 {[%clk 0:06:04]} Nd6 {[%clk 0:43:26]} 30. fxg7
{[%clk 0:05:15]} Nf5 {[%clk 0:43:12]} 31. Qf4 {[%clk 0:05:22]} Qxf4
{[%clk 0:41:37]} 32. Bxf4 {[%clk 0:05:47]} Kxg7 {[%clk 0:41:49]} 33. Raf1
{[%clk 0:05:59]} Rg8 {[%clk 0:40:25]} 34. Kh2 {[%clk 0:06:19]} Nh4
{[%clk 0:39:54]} 35. Be5+ {[%clk 0:06:41]} Kh6 {[%clk 0:39:34]} 36. Ne2
{[%clk 0:03:59]} Nf3+ {[%clk 0:39:55]} 37. Rxf3 {[%clk 0:04:24]} exf3
{[%clk 0:40:14]} 38. Rxf3 {[%clk 0:04:50]} Be8 {[%clk 0:39:01]} 39. Nf4
{[%clk 0:05:12]} Bg6 {[%clk 0:37:41]} 40. Nxg6 {[%clk 0:05:29]} hxg6
{[%clk 0:37:40]} 41. Rf7 {[%clk 0:05:52]} g5 {[%clk 0:35:10]} 42. Rxb7
{[%clk 0:06:10]} g4 {[%clk 0:34:25]} 43. h4 Kh5 44. Kg3 {[%clk 0:04:35]} Rf8
{[%clk 0:32:45]} 45. Bf4 {[%clk 0:04:17]} a6 {[%clk 0:32:47]} 46. Rh7+
{[%clk 0:04:32]} Kg6 {[%clk 0:33:07]} 47. Rh6+ {[%clk 0:04:51]} Kg7
{[%clk 0:33:23]} 48. Rxc6 {[%clk 0:05:16]} 1-0

[Event "MSR_ch20"]
[Site "?"]
[Date "2024.04.07"]
[Round "3.18"]
[White "Loffay, Pavol"]
[Black "Filo, David"]
[Result "1-0"]
[BlackElo "1837"]
[WhiteElo "1803"]
[LiveChessVersion "1.4.8"]

1. e4 {[%clk 1:30:57]} c6 {[%clk 1:30:36]} 2. d4 {[%clk 1:31:22]} d5
{[%clk 1:31:00]} 3. exd5 {[%clk 1:31:43]} cxd5 {[%clk 1:31:23]} 4. Bd3
{[%clk 1:32:03]} Nc6 {[%clk 1:31:38]} 5. c3 {[%clk 1:32:23]} Nf6 {[%clk 1:31:24]}
6. h3 {[%clk 1:31:48]} g6 {[%clk 1:28:57]} 7. Nf3 {[%clk 1:30:51]} Bf5
{[%clk 1:24:26]} 8. Bf4 {[%clk 1:26:13]} Bxd3 {[%clk 1:19:25]} 9. Qxd3
{[%clk 1:26:27]} Bg7 {[%clk 1:19:34]} 10. Nbd2 {[%clk 1:24:13]} O-O
{[%clk 1:14:28]} 11. O-O {[%clk 1:21:02]} a6 {[%clk 0:52:43]} 12. Rfe1
{[%clk 1:15:04]} Re8 {[%clk 0:46:52]} 13. Ne5 {[%clk 1:08:41]} Nd7
{[%clk 0:31:58]} 14. Ndf3 {[%clk 0:57:28]} Ndxe5 {[%clk 0:26:43]} 15. Nxe5
{[%clk 0:56:06]} Nxe5 {[%clk 0:24:20]} 16. Bxe5 {[%clk 0:56:15]} e6
{[%clk 0:20:05]} 17. Bxg7 {[%clk 0:53:12]} Kxg7 {[%clk 0:20:28]} 18. Re2
{[%clk 0:52:19]} b5 {[%clk 0:18:16]} 19. Qg3 {[%clk 0:49:24]} Qb8
{[%clk 0:13:00]} 20. Qf3 {[%clk 0:47:31]} Qd6 {[%clk 0:08:48]} 21. h4
{[%clk 0:46:11]} Rac8 {[%clk 0:04:00]} 22. h5 {[%clk 0:43:50]} b4
{[%clk 0:01:21]} 23. Re3 {[%clk 0:37:49]} Rc7 {[%clk 0:00:50]} 24. h6+
{[%clk 0:35:28]} Kf8 {[%clk 0:00:36]} 25. Qf6 {[%clk 0:35:11]} bxc3
{[%clk 0:00:41]} 26. bxc3 Qa3 {[%clk 0:00:35]} 27. Rae1 {[%clk 0:33:03]} Qd6
{[%clk 0:00:38]} 28. Qg7+ {[%clk 0:32:09]} Ke7 {[%clk 0:00:48]} 29. Qxh7
{[%clk 0:31:50]} Kd8 {[%clk 0:00:48]} 30. Qg7 {[%clk 0:30:45]} Qf8
{[%clk 0:01:01]} 31. Rh3 {[%clk 0:27:50]} 1-0

[Event "MSR_ch20"]
[Site "?"]
[Date "2024.04.07"]
[Round "3.19"]
[White "Droppa, Kristian"]
[Black "Duda, Daniel"]
[Result "1-0"]
[BlackElo "1654"]
[WhiteElo "1594"]
[LiveChessVersion "1.4.8"]

1. e4 {[%clk 1:30:57]} c5 {[%clk 1:30:00]} 2. Nf3 {[%clk 1:31:00]} e6
{[%clk 1:30:15]} 3. d4 {[%clk 1:31:14]} cxd4 {[%clk 1:30:38]} 4. Nxd4
{[%clk 1:31:35]} a6 {[%clk 1:30:50]} 5. Bd3 {[%clk 1:30:12]} Qc7 {[%clk 1:29:42]}
6. O-O {[%clk 1:28:17]} b5 {[%clk 1:29:40]} 7. Be3 {[%clk 1:22:42]} Bb7
{[%clk 1:29:32]} 8. Nd2 {[%clk 1:22:39]} Nf6 {[%clk 1:28:47]} 9. Rc1
{[%clk 1:17:58]} Bd6 {[%clk 1:19:36]} 10. f4 {[%clk 1:16:50]} e5 {[%clk 1:14:51]}
11. Nf5 {[%clk 1:10:40]} exf4 {[%clk 1:11:38]} 12. Nxd6+ {[%clk 1:09:47]} Qxd6
{[%clk 1:11:59]} 13. Bxf4 {[%clk 1:06:41]} Qd4+ {[%clk 1:10:21]} 14. Kh1
{[%clk 1:02:12]} Nc6 {[%clk 0:53:28]} 15. c3 {[%clk 0:57:38]} Qxd3
{[%clk 0:48:31]} 16. Rf3 {[%clk 0:55:41]} Nxe4 {[%clk 0:48:08]} 17. Nxe4
{[%clk 0:45:05]} Qxd1+ {[%clk 0:45:21]} 18. Rxd1 {[%clk 0:45:08]} O-O
{[%clk 0:45:03]} 19. Rg3 {[%clk 0:41:53]} Ne7 {[%clk 0:37:19]} 20. Nf6+
{[%clk 0:36:58]} Kh8 {[%clk 0:34:04]} 21. Nxd7 {[%clk 0:24:04]} Rfd8
{[%clk 0:12:02]} 22. Rgd3 {[%clk 0:13:30]} Nf5 {[%clk 0:11:06]} 23. Kg1
{[%clk 0:12:35]} Nh4 {[%clk 0:10:30]} 24. Bg3 {[%clk 0:11:57]} Nxg2
{[%clk 0:07:24]} 25. Ne5 {[%clk 0:10:21]} Rxd3 {[%clk 0:05:35]} 26. Rxd3
{[%clk 0:09:57]} f6 {[%clk 0:04:12]} 27. Nf7+ {[%clk 0:09:23]} Kg8
{[%clk 0:04:32]} 28. Kf2 {[%clk 0:09:39]} Re8 {[%clk 0:02:00]} 29. Nd6
{[%clk 0:09:41]} Rd8 {[%clk 0:02:20]} 30. Rd4 {[%clk 0:07:37]} Bc6
{[%clk 0:02:13]} 31. Nxb5 {[%clk 0:06:23]} Rb8 {[%clk 0:02:10]} 32. Bxb8
{[%clk 0:06:27]} 1-0

[Event "MSR_ch20"]
[Site "?"]
[Date "2024.04.07"]
[Round "3.20"]
[White "Janik, Marek Tobias"]
[Black "Ondrejicka, Tomas"]
[Result "1-0"]
[BlackElo "1530"]
[WhiteElo "1885"]
[LiveChessVersion "1.4.8"]

1. e4 {[%clk 1:30:57]} e5 {[%clk 1:30:51]} 2. Nf3 {[%clk 1:31:21]} Nf6
{[%clk 1:31:08]} 3. d4 {[%clk 1:31:39]} Nxe4 {[%clk 1:30:13]} 4. Bd3
{[%clk 1:32:04]} d5 {[%clk 1:29:10]} 5. Nxe5 {[%clk 1:32:26]} f6 {[%clk 1:28:31]}
6. Qh5+ {[%clk 1:29:22]} Ke7 {[%clk 1:24:58]} 7. Ng6+ {[%clk 1:18:49]} hxg6
{[%clk 1:24:33]} 8. Qxh8 {[%clk 1:19:14]} Nc6 {[%clk 1:23:38]} 9. Be3
{[%clk 1:18:27]} Be6 {[%clk 1:21:09]} 10. O-O {[%clk 1:17:27]} Qd6
{[%clk 1:19:03]} 11. c4 {[%clk 1:09:02]} Nb4 {[%clk 1:14:32]} 12. Bxe4
{[%clk 1:07:10]} dxe4 {[%clk 1:12:18]} 13. Na3 {[%clk 1:06:45]} b6
{[%clk 1:08:25]} 14. Qh4 {[%clk 1:03:19]} Bf5 {[%clk 1:06:22]} 15. Nb5
{[%clk 1:03:20]} Qc6 {[%clk 1:05:35]} 16. Rac1 {[%clk 0:59:52]} Nd3
{[%clk 1:04:36]} 17. d5 {[%clk 0:59:14]} Qd7 {[%clk 1:03:38]} 18. Rc2
{[%clk 0:56:08]} Nb4 {[%clk 1:03:43]} 19. Rd2 {[%clk 0:56:25]} a6
{[%clk 1:00:47]} 20. Nxc7 {[%clk 0:52:12]} Rc8 {[%clk 0:59:40]} 21. Bxb6
{[%clk 0:52:07]} Qd6 {[%clk 0:58:21]} 22. c5 {[%clk 0:52:16]} Qe5
{[%clk 0:58:34]} 23. f4 {[%clk 0:49:31]} g5 {[%clk 0:58:20]} 24. fxe5
{[%clk 0:49:38]} gxh4 {[%clk 0:58:47]} 25. Rxf5 1-0

[Event "MSR_ch20"]
[Site "?"]
[Date "2024.04.07"]
[Round "3.21"]
[White "Zatko, Slavomir"]
[Black "Mitas, Daniel"]
[Result "1-0"]
[BlackElo "1614"]
[WhiteElo "1684"]
[LiveChessVersion "1.4.8"]

1. e4 {[%clk 1:30:57]} c6 {[%clk 1:30:55]} 2. d3 {[%clk 1:31:23]} d5
{[%clk 1:30:49]} 3. Nf3 {[%clk 1:31:34]} dxe4 {[%clk 1:30:58]} 4. Ng5
{[%clk 1:31:54]} Nf6 {[%clk 1:30:36]} 5. Nxe4 {[%clk 1:31:37]} Nxe4
{[%clk 1:30:56]} 6. dxe4 {[%clk 1:32:03]} Qxd1+ {[%clk 1:31:19]} 7. Kxd1
{[%clk 1:32:30]} e5 {[%clk 1:31:04]} 8. Nc3 {[%clk 1:32:46]} Bc5 {[%clk 1:29:14]}
9. Bc4 {[%clk 1:31:36]} O-O {[%clk 1:25:13]} 10. Rf1 {[%clk 1:30:53]} b5
{[%clk 1:23:29]} 11. Bb3 {[%clk 1:30:47]} Ba6 {[%clk 1:23:37]} 12. Be3
{[%clk 1:27:34]} b4 {[%clk 1:08:44]} 13. Ne2 {[%clk 1:27:42]} Bxe3
{[%clk 1:06:46]} 14. fxe3 {[%clk 1:28:03]} Nd7 {[%clk 1:06:19]} 15. a3
{[%clk 1:25:52]} bxa3 {[%clk 0:49:06]} 16. Rxa3 {[%clk 1:25:20]} Bxe2+
{[%clk 0:49:28]} 17. Kxe2 {[%clk 1:25:31]} Nc5 {[%clk 0:48:42]} 18. Ba2
{[%clk 1:24:38]} Nxe4 {[%clk 0:46:54]} 19. Ra5 {[%clk 1:24:11]} Nd6
{[%clk 0:44:30]} 20. Rxe5 {[%clk 1:24:06]} Kh8 {[%clk 0:44:14]} 21. Re7
{[%clk 1:22:24]} f6 {[%clk 0:36:28]} 22. Rd1 {[%clk 1:18:24]} Nf5
{[%clk 0:34:52]} 23. Rc7 {[%clk 1:18:02]} Rfe8 {[%clk 0:30:19]} 24. Rd3
{[%clk 1:13:39]} Rec8 {[%clk 0:27:23]} 25. Rxc8+ {[%clk 1:13:45]} Rxc8
{[%clk 0:27:47]} 26. Be6 {[%clk 1:14:06]} Rb8 {[%clk 0:26:49]} 27. Bxf5
{[%clk 1:14:25]} g6 {[%clk 0:27:07]} 28. Be6 {[%clk 1:14:25]} Rxb2
{[%clk 0:27:08]} 29. Bb3 {[%clk 1:14:41]} c5 {[%clk 0:27:21]} 30. Kd2
{[%clk 1:14:01]} Rb1 {[%clk 0:26:51]} 31. Rd8+ {[%clk 1:13:47]} Kg7
{[%clk 0:27:10]} 32. Rd7+ {[%clk 1:13:56]} Kh6 {[%clk 0:27:33]} 33. Rxa7
{[%clk 1:14:07]} f5 {[%clk 0:26:13]} 34. Bg8 {[%clk 1:12:53]} Rb8
{[%clk 0:24:57]} 35. Rxh7+ {[%clk 1:12:57]} Kg5 {[%clk 0:25:19]} 36. Bc4
{[%clk 1:11:44]} Rd8+ {[%clk 0:24:43]} 37. Ke2 {[%clk 1:11:31]} Re8
{[%clk 0:24:00]} 38. Kf3 {[%clk 1:11:10]} Rf8 {[%clk 0:23:37]} 39. Rf7
{[%clk 1:11:11]} Rh8 {[%clk 0:23:53]} 40. h3 {[%clk 1:10:55]} Rh4
{[%clk 0:23:48]} 41. Bf1 {[%clk 1:10:39]} Rb4 {[%clk 0:23:09]} 42. g3
{[%clk 1:10:25]} Rb2 {[%clk 0:23:08]} 43. h4+ {[%clk 1:09:59]} Kh6
{[%clk 0:23:28]} 44. g4 {[%clk 1:09:17]} fxg4+ {[%clk 0:23:12]} 45. Kxg4
{[%clk 1:09:12]} Rxc2 {[%clk 0:23:30]} 46. Bd3 {[%clk 1:09:05]} Rd2
{[%clk 0:23:00]} 47. Be4 {[%clk 1:05:39]} Re2 {[%clk 0:22:41]} 48. Kf3
{[%clk 1:02:45]} Re1 {[%clk 0:22:40]} 49. Kf2 {[%clk 1:01:23]} Ra1
{[%clk 0:22:15]} 50. Rf6 {[%clk 1:00:34]} Ra2+ {[%clk 0:21:04]} 51. Kg3
{[%clk 0:59:18]} Ra4 {[%clk 0:17:56]} 52. Rxg6+ {[%clk 0:58:57]} Kh5
{[%clk 0:18:22]} 53. Rg5+ {[%clk 0:58:11]} Kh6 {[%clk 0:18:42]} 54. Kf4
{[%clk 0:53:42]} c4 {[%clk 0:18:26]} 55. Rc5 {[%clk 0:53:35]} Kg7
{[%clk 0:18:31]} 56. Kf5 {[%clk 0:52:29]} Ra3 {[%clk 0:18:35]} 57. Rc7+
{[%clk 0:51:07]} Kh6 {[%clk 0:18:34]} 58. Kg4 {[%clk 0:50:52]} Rxe3
{[%clk 0:18:23]} 59. Rh7# 1-0